00815nam a22002411 450000500170000000800410001701000140005802000260007203500130009803500170011103700150012803700210014304000180016408200140018210000160019624500670021226000450027927000600032430000510038450001050043565000180054065000150055820090602104838.0781018s1928 nyucf 000 0 eng  aENG-93824 a9788190672436c250.00 aEN-77357 aB-360031-036 bDBAD / PUB bK.N. Book House  adplbEnglish  a793.31954 aRagini, Sri aNritanjali:ban introduction to Hindu dancing /cby Sri Ragini aDelhi bK.N. Books House c2009(repr.).  aWP-553, Wazirpur Village, Ashok Vihar, bDelhi e110052 a84p.:bincl. front. (port.) plates.c19cm(Hb)  a"This edition is limited to 950 numbered copies. 100 signed." This copy neither numbered nor signed. aDancezIndia. aArt, Hindu